[Event "Titled Tuesday intern op 16th Jan Late"]
[Site "Chess.com INT"]
[Date "2024.01.16"]
[Round "3"]
[White "Gubajdullin, Alexey"]
[Black "Smirnov, Anton"]
[Result "0-1"]
[WhiteElo "2253"]
[BlackElo "2586"]
[PlyCount "132"]
[EventDate "2024.01.16"]
[EventType "swiss (blitz)"]
[EventRounds "11"]
[EventCountry "USA"]
[SourceTitle "CB04_2024"]
[SourceDate "2023.10.16"]
[SourceVersion "1"]
[SourceVersionDate "2023.10.16"]
[SourceQuality "1"]

1. d4 d5 2. Nf3 Nf6 3. Bf4 c5 4. e3 Qb6 5. Nbd2 Nc6 6. dxc5 Qxc5 7. c4 e6 8. a3 a5 9. Rc1 Qb6 10. Qb3 Qxb3 11. Nxb3 Be7 12. Nbd4 0-0 13. Nb5 Bd7 14. Nd6 Nh5 15. Nb5 Nxf4 16. exf4 Bf6 17. Rc2 Na7 18. Nxa7 Rxa7 19. Ne5 Ba4 20. Rc3 Rc8 21. cxd5 Rxc3 22. bxc3 exd5 23. Kd2 g5 24. Ng4 Be7 25. f5 Bxa3 26. Bd3 Bd6 27. f6 h5 28. Nh6+ Kf8 29. Re1 Ra8 30. Nf5 Bf4+ 31. Ne3 Bc6 32. g3 Bxe3+ 33. Rxe3 Re8 34. Be2 Rxe3 35. fxe3 h4 36. gxh4 gxh4 37. Bh5 Bb5 38. Kc2 Bc4 39. Kb2 b5 40. Ka3 Bd3 41. Bg4 Ke8 42. Bh5 Bc4 43. Bg4 Kd8 44. Bh5 d4 45. exd4 Kc7 46. Bg4 Kd6 47. Bf5 Kd5 48. Bh7 Ke6 49. Be4 Kxf6 50. Kb2 Ke6 51. Ka3 f5 52. Bf3 f4 53. Kb2 b4 54. cxb4 axb4 55. Kc2 Bd5 56. Bg4+ Kd6 57. Kb2 f3 58. Bh3 f2 59. Bf1 Ke6 60. Kc2 b3+ 61. Kd2 Kf6 62. Bd3 Be4 63. Bf1 b2 64. Ke3 b1Q 65. Kxf2 Qc1 66. Be2 Qd2 0-1

[Event "Titled Tuesday intern op 16th Jan Late"]
[Site "Chess.com INT"]
[Date "2024.01.16"]
[Round "6"]
[White "Makarian, Rudik"]
[Black "Smirnov, Anton"]
[Result "0-1"]
[WhiteElo "2525"]
[BlackElo "2586"]
[PlyCount "94"]
[EventDate "2024.01.16"]
[EventType "swiss (blitz)"]
[EventRounds "11"]
[EventCountry "USA"]
[SourceTitle "CB04_2024"]
[SourceDate "2023.10.16"]
[SourceVersion "1"]
[SourceVersionDate "2023.10.16"]
[SourceQuality "1"]

1. c4 c6 2. d4 d5 3. Nf3 Nf6 4. Nc3 dxc4 5. g3 b5 6. Bg2 e6 7. Ne5 Qb6 8. 0-0 Bb7 9. b3 Nbd7 10. bxc4 Nxe5 11. dxe5 Nd7 12. Be3 Qa6 13. cxb5 cxb5 14. Nxb5 Qxb5 15. Rb1 Bb4 16. a4 Qa6 17. Rxb4 Bxg2 18. Kxg2 Qc6+ 19. f3 0-0 20. Qd6 Qc3 21. Bd4 Qc8 22. Rbb1 Nb6 23. a5 Nc4 24. Qb4 Rd8 25. Rfd1 Qa6 26. Bxa7 Rxd1 27. Rxd1 Ne3+ 28. Bxe3 Qxe2+ 29. Bf2 Qxd1 30. a6 Qd5 31. a7 Qxe5 32. Qb7 Qd5 33. Qb8+ Qd8 34. Qb7 Qc8 35. Qb6 h5 36. h4 Qd8 37. Qb7 Qd5 38. Qb8+ Kh7 39. Qc7 e5 40. Qc2+ g6 41. Qc7 e4 42. fxe4 Qxe4+ 43. Kh2 Qf3 44. Kg1 Re8 45. Qb8 Re2 46. Qb6 Ra2 47. Qd4 Rc2 0-1

[Event "Titled Tuesday intern op 16th Jan Late"]
[Site "Chess.com INT"]
[Date "2024.01.16"]
[Round "8"]
[White "Smirnov, Anton"]
[Black "Sarana, Alexey"]
[Result "1/2-1/2"]
[WhiteElo "2586"]
[BlackElo "2695"]
[PlyCount "64"]
[EventDate "2024.01.16"]
[EventType "swiss (blitz)"]
[EventRounds "11"]
[EventCountry "USA"]
[SourceTitle "CB04_2024"]
[SourceDate "2023.10.16"]
[SourceVersion "1"]
[SourceVersionDate "2023.10.16"]
[SourceQuality "1"]

1. e4 c5 2. Nf3 e6 3. d4 cxd4 4. Nxd4 Nf6 5. Nc3 Nc6 6. Ndb5 Bc5 7. Bf4 0-0 8. Bc7 Qe7 9. Bd6 Bxd6 10. Qxd6 Qd8 11. Nd4 Ne8 12. Nxc6 bxc6 13. Qd2 d5 14. Bd3 Rb8 15. b3 Qa5 16. 0-0 Nf6 17. Rfe1 Ba6 18. e5 Nd7 19. Bxa6 Qxa6 20. Re3 c5 21. Na4 Qc6 22. Rae1 Rb4 23. Rg3 g6 24. Qh6 Re8 25. Rh3 Nf8 26. c4 dxc4 27. Nc3 cxb3 28. axb3 Rxb3 29. Rhe3 Nd7 30. Rh3 Nf8 31. Rhe3 Nd7 32. Rh3 Nf8 1/2-1/2

[Event "Wch Blitz"]
[Site "Samarkand"]
[Date "2023.12.30"]
[Round "19"]
[White "Smirnov, Anton"]
[Black "Kezin, Roman"]
[Result "1-0"]
[WhiteElo "2586"]
[BlackElo "2502"]
[PlyCount "60"]
[EventDate "2023.12.29"]
[EventType "swiss (blitz)"]
[EventRounds "21"]
[EventCountry "UZB"]
[SourceTitle "CB01_2024"]
[SourceDate "2024.01.03"]
[SourceVersion "1"]
[SourceVersionDate "2024.01.03"]
[SourceQuality "1"]

1. e4 c5 2. Nf3 e6 3. d4 cxd4 4. Nxd4 Nc6 5. Nb5 d6 6. c4 a6 7. N5c3 Nf6 8. Be2 Be7 9. 0-0 0-0 10. Be3 b6 11. Qd2 Bb7 12. Rd1 Ne5 13. f3 Rc8 14. Na3 Qc7 15. Rac1 Rfe8 16. Bf1 h5 17. Na4 Ned7 18. Qf2 Nc5 19. Nc3 Qb8 20. Nc2 h4 21. Nd4 Ncd7 22. b3 Ba8 23. Be2 h3 24. g3 Ne5 25. Qf1 d5 26. cxd5 Ba3 27. dxe6 Bxc1 28. exf7+ Nxf7 29. Rxc1 b5 30. b4 Qd6 1-0

[Event "Wch Blitz"]
[Site "Samarkand"]
[Date "2023.12.29"]
[Round "10"]
[White "Kuzubov, Yuriy"]
[Black "Smirnov, Anton"]
[Result "1/2-1/2"]
[WhiteElo "2613"]
[BlackElo "2586"]
[PlyCount "161"]
[EventDate "2023.12.29"]
[EventType "swiss (blitz)"]
[EventRounds "21"]
[EventCountry "UZB"]
[SourceTitle "CB01_2024"]
[SourceDate "2024.01.03"]
[SourceVersion "1"]
[SourceVersionDate "2024.01.03"]
[SourceQuality "1"]

1. c4 e5 2. Nc3 Nc6 3. Nf3 g6 4. g3 Bg7 5. Bg2 d6 6. Rb1 a5 7. a3 f5 8. 0-0 Nf6 9. b4 axb4 10. axb4 0-0 11. b5 Ne7 12. d3 h6 13. Qb3 Be6 14. Bb2 g5 15. Ra1 Rb8 16. Nd2 Nd7 17. Qc2 h5 18. Ra7 Nc5 19. Nd5 h4 20. Nb3 hxg3 21. hxg3 Bxd5 22. cxd5 b6 23. d4 Nxb3 24. Qxb3 exd4 25. Rc1 Rc8 26. Qc2 d3 27. exd3 Bxb2 28. Qxb2 Ng6 29. Re1 Qf6 30. Qxf6 Rxf6 31. d4 Kg7 32. Bf1 Rf7 33. Rc1 Nf8 34. Bd3 Nh7 35. Kg2 g4 36. f4 gxf3+ 37. Kxf3 Ng5+ 38. Kf4 Nh3+ 39. Kf3 Ng5+ 40. Kf2 Nh3+ 41. Kg2 Ng5 42. Rf1 Rcf8 43. Ra2 f4 44. gxf4 Rxf4 45. Rxf4 Rxf4 46. Rc2 Rxd4 47. Rxc7+ Kf6 48. Bf1 Rd2+ 49. Kg3 Ke5 50. Rb7 Ne4+ 51. Kg4 Nf6+ 52. Kg3 Nxd5 53. Bg2 Ne3 54. Bf3 Nf5+ 55. Kh3 Rd3 56. Kg4 Ne3+ 57. Kg5 Nc4 58. Be2 Rg3+ 59. Kh4 Rc3 60. Bxc4 Rxc4+ 61. Kg3 d5 62. Kf2 Kd4 63. Rxb6 Kd3 64. Rc6 Rb4 65. b6 d4 66. Kf3 Rb5 67. Rd6 Rf5+ 68. Kg4 Rf7 69. Rc6 Ke4 70. Rc7 Rf6 71. b7 Rg6+ 72. Kh3 Rb6 73. Re7+ Kf3 74. Rf7+ Ke3 75. Re7+ Kd2 76. Kg3 d3 77. Kf3 Kc2 78. Rc7+ Kd1 79. Ke3 d2 80. Rd7 Rb3+ 81. Rd3 1/2-1/2

[Event "Wch Rapid"]
[Site "Samarkand"]
[Date "2023.12.27"]
[Round "9"]
[White "Sandipan, Chanda"]
[Black "Smirnov, Anton"]
[Result "1/2-1/2"]
[WhiteElo "2486"]
[BlackElo "2586"]
[PlyCount "88"]
[EventDate "2023.12.26"]
[EventType "swiss (rapid)"]
[EventRounds "13"]
[EventCountry "UZB"]
[SourceTitle "CB01_2024"]
[SourceDate "2024.01.03"]
[SourceVersion "1"]
[SourceVersionDate "2024.01.03"]
[SourceQuality "1"]

1. d4 d5 2. Nf3 Nf6 3. Bf4 c5 4. e3 Nc6 5. h3 e6 6. Bd3 Bd6 7. dxc5 Bxc5 8. 0-0 0-0 9. Nc3 Re8 10. e4 e5 11. Bg5 dxe4 12. Bxf6 Qxf6 13. Nxe4 Qe7 14. Nxc5 Qxc5 15. Re1 f6 16. Nh4 g6 17. Qf3 Kg7 18. Qg3 Ne7 19. Kh1 Be6 20. f4 exf4 21. Qxf4 Nd5 22. Qf3 Bf7 23. c3 Re3 24. Rxe3 Qxe3 25. Qxe3 Nxe3 26. Re1 Re8 27. c4 f5 28. g3 Kf6 29. Kg1 g5 30. Nxf5 Nxf5 31. Rf1 Re5 32. g4 Bg6 33. Kg2 Ke6 34. gxf5+ Bxf5 35. Bxf5+ Rxf5 36. Rd1 Ra5 37. a3 Ra4 38. c5 Rc4 39. b4 Rc2+ 40. Kg3 h5 41. Rd6+ Ke5 42. Rd7 Rc3+ 43. Kg2 Rc2+ 44. Kg3 Rc3+ 1/2-1/2

[Event "Olympiad-44"]
[Site "Chennai"]
[Date "2022.08.07"]
[Round "9.1"]
[White "Smirnov, Anton"]
[Black "Volokitin, Andrei"]
[Result "1/2-1/2"]
[WhiteElo "2600"]
[BlackElo "2674"]
[PlyCount "46"]
[EventDate "2022.07.29"]
[EventType "team-swiss"]
[EventRounds "11"]
[EventCountry "IND"]
[SourceTitle "CBM 210"]
[Source "ChessBase"]
[SourceDate "2022.10.31"]
[SourceVersion "1"]
[SourceVersionDate "2022.10.31"]
[SourceQuality "1"]
[WhiteTeam "Australia"]
[BlackTeam "Ukraine"]
[WhiteTeamCountry "AUS"]
[BlackTeamCountry "UKR"]

1. d4 Nf6 2. c4 e6 3. Nc3 Bb4 4. e3 0-0 5. Bd3 d5 6. a3 Bxc3+ 7. bxc3 dxc4 8. Bxc4 c5 9. Ne2 Qc7 10. Bd3 b6 11. e4 Ba6 12. Bxa6 Nxa6 13. f3 e5 14. Bg5 cxd4 15. Bxf6 gxf6 16. cxd4 exd4 17. Qxd4 Nc5 18. 0-0 Nb3 19. Qxf6 Nxa1 20. Qg5+ Kh8 21. Qf6+ Kg8 22. Qg5+ Kh8 23. Qf6+ Kg8 1/2-1/2

[Event "Olympiad-44"]
[Site "Chennai"]
[Date "2022.08.03"]
[Round "6.1"]
[White "Smirnov, Anton"]
[Black "Carlsen, Magnus"]
[Result "0-1"]
[WhiteElo "2600"]
[BlackElo "2864"]
[PlyCount "80"]
[EventDate "2022.07.29"]
[EventType "team-swiss"]
[EventRounds "11"]
[EventCountry "IND"]
[SourceTitle "CBM 210"]
[Source "ChessBase"]
[SourceDate "2022.10.31"]
[SourceVersion "1"]
[SourceVersionDate "2022.10.31"]
[SourceQuality "1"]
[WhiteTeam "Australia"]
[BlackTeam "Norway"]
[WhiteTeamCountry "AUS"]
[BlackTeamCountry "NOR"]

1. e4 Nc6 2. Nf3 d6 3. d4 Nf6 4. Nc3 g6 5. h3 Bg7 6. Be3 0-0 7. Qd2 a6 8. Bd3 e5 9. dxe5 Nxe5 10. Nxe5 dxe5 11. 0-0-0 b5 12. g4 c6 13. f3 Be6 14. h4 Qa5 15. a3 Rfb8 16. Bc5 h5 17. Bd6 Rb7 18. Kb1 Rd8 19. Bb4 Qc7 20. Ne2 Rd7 21. Bc5 hxg4 22. Ng3 gxf3 23. h5 Qd8 24. hxg6 fxg6 25. Qg5 Kf7 26. Nf5 Nxe4 27. Nh6+ Bxh6 28. Qxh6 Bf5 29. Ka2 Qg8 30. Bxe4 Bxe4 31. Rde1 Kf6+ 32. b3 Rh7 33. Qe3 Rxh1 34. Rxh1 Qd5 35. Kb2 Rd7 36. Rh8 Bf5 37. Rf8+ Rf7 38. Re8 Qe4 39. Qd2 Kg7 40. Bf2 Qe2 0-1

[Event "Titled Tuesday intern op 12th Jul Early"]
[Site "Chess.com INT"]
[Date "2022.07.12"]
[Round "2"]
[White "Pinheiro, Iung Alicio"]
[Black "Smirnov, Anton"]
[Result "0-1"]
[WhiteElo "2320"]
[BlackElo "2600"]
[PlyCount "38"]
[EventDate "2022.07.12"]
[EventType "swiss (blitz)"]
[EventRounds "11"]
[EventCountry "USA"]
[SourceTitle "EXT 2023"]
[Source "ChessBase"]
[SourceDate "2022.10.05"]
[SourceVersion "1"]
[SourceVersionDate "2022.10.05"]
[SourceQuality "1"]

1. e4 c5 2. Nf3 d6 3. c3 Nf6 4. h3 g6 5. Bd3 Bg7 6. Bc2 e5 7. d4 exd4 8. cxd4 0-0 9. 0-0 cxd4 10. Nxd4 Nc6 11. Nc3 d5 12. Nxc6 bxc6 13. Bg5 Qb6 14. Rb1 dxe4 15. Nxe4 Nxe4 16. Bxe4 Re8 17. Qf3 Bb7 18. Be3 Qa6 19. a3 Qc4 0-1

[Event "Titled Tuesday intern op 12th Jul Early"]
[Site "Chess.com INT"]
[Date "2022.07.12"]
[Round "1"]
[White "Smirnov, Anton"]
[Black "Adla, Diego Gustavo"]
[Result "1-0"]
[WhiteElo "2600"]
[BlackElo "2407"]
[PlyCount "79"]
[EventDate "2022.07.12"]
[EventType "swiss (blitz)"]
[EventRounds "11"]
[EventCountry "USA"]
[SourceTitle "EXT 2023"]
[Source "ChessBase"]
[SourceDate "2022.10.05"]
[SourceVersion "1"]
[SourceVersionDate "2022.10.05"]
[SourceQuality "1"]

1. e4 e5 2. Nf3 Nc6 3. Bb5 a6 4. Bxc6 dxc6 5. 0-0 Bd6 6. d4 exd4 7. Qxd4 f6 8. Be3 Ne7 9. Nbd2 Be6 10. Rfd1 Ng6 11. Qc3 Qe7 12. Nc4 Bxc4 13. Qxc4 0-0-0 14. g3 Rhe8 15. Nd2 Kb8 16. c3 h5 17. f4 h4 18. e5 fxe5 19. f5 Nf8 20. Ne4 hxg3 21. hxg3 Nh7 22. Rd2 Nf6 23. Bg5 Nxe4 24. Bxe7 Nxd2 25. Qe2 Rxe7 26. Rd1 Bc5+ 27. Kg2 Red7 28. Qxe5 Bb6 29. Qf4 Rd3 30. g4 Nf3 31. Rxd3 Rxd3 32. g5 Ne1+ 33. Kh2 Nf3+ 34. Kh1 Rd1+ 35. Kg2 Rg1+ 36. Kxf3 Rf1+ 37. Ke4 Rxf4+ 38. Kxf4 Kc8 39. f6 gxf6 40. g6 1-0

[Event "Junior Speed Final"]
[Site "Chess.com INT"]
[Date "2021.07.06"]
[Round "1.16"]
[White "Smirnov, Anton"]
[Black "Tabatabaei, Mohammad Amin"]
[Result "0-1"]
[WhiteElo "2600"]
[BlackElo "2613"]
[PlyCount "74"]
[EventDate "2021.07.01"]
[EventType "k.o. (blitz)"]
[EventRounds "4"]
[EventCountry "USA"]
[SourceTitle "CBM 203 Extra"]
[Source "ChessBase"]
[SourceDate "2021.09.30"]
[SourceVersion "1"]
[SourceVersionDate "2021.09.30"]
[SourceQuality "1"]

1. e4 d6 2. d4 Nf6 3. Nf3 g6 4. Nc3 Bg7 5. Be2 0-0 6. 0-0 Nc6 7. d5 Nb8 8. Re1 e5 9. dxe6 Bxe6 10. Nd4 Bd7 11. Bg5 h6 12. Be3 Re8 13. f3 d5 14. Qd2 c5 15. e5 Rxe5 16. Bf4 cxd4 17. Bxe5 dxc3 18. Bxc3 Nc6 19. Kh1 Be6 20. Rad1 Qb6 21. b3 Rd8 22. Bd3 d4 23. Bb2 Nd5 24. Rc1 Ne3 25. Be4 Nb4 26. a3 Nbd5 27. Re2 h5 28. a4 a5 29. g3 h4 30. Rce1 hxg3 31. hxg3 f5 32. Bd3 Kf7 33. Bc4 Qc7 34. f4 Nxf4 35. gxf4 Bxc4 36. bxc4 Rh8+ 37. Kg1 Qxf4 0-1

[Event "Junior Speed Final"]
[Site "Chess.com INT"]
[Date "2021.07.06"]
[Round "1.18"]
[White "Smirnov, Anton"]
[Black "Tabatabaei, Mohammad Amin"]
[Result "1-0"]
[WhiteElo "2600"]
[BlackElo "2613"]
[PlyCount "49"]
[EventDate "2021.07.01"]
[EventType "k.o. (blitz)"]
[EventRounds "4"]
[EventCountry "USA"]
[SourceTitle "CBM 203 Extra"]
[Source "ChessBase"]
[SourceDate "2021.09.30"]
[SourceVersion "1"]
[SourceVersionDate "2021.09.30"]
[SourceQuality "1"]

1. d4 d6 2. Nf3 Nf6 3. c4 g6 4. Nc3 Bg7 5. e4 0-0 6. Be2 e5 7. 0-0 Nc6 8. d5 Ne7 9. Ne1 Nd7 10. f3 f5 11. g4 Kh8 12. Nd3 f4 13. Kh1 Ng8 14. Rg1 Bf6 15. b4 a5 16. bxa5 Rxa5 17. Bb2 b6 18. a4 Bh4 19. Nb5 Nc5 20. Nxe5 dxe5 21. Bxe5+ Bf6 22. Bxc7 Qe8 23. Bxb6 Nb7 24. c5 Ra6 25. Nc7 1-0

[Event "Junior Speed Final"]
[Site "Chess.com INT"]
[Date "2021.07.06"]
[Round "1.21"]
[White "Smirnov, Anton"]
[Black "Tabatabaei, Mohammad Amin"]
[Result "0-1"]
[WhiteElo "2600"]
[BlackElo "2613"]
[PlyCount "80"]
[EventDate "2021.07.01"]
[EventType "k.o. (blitz)"]
[EventRounds "4"]
[EventCountry "USA"]
[SourceTitle "CBM 203 Extra"]
[Source "ChessBase"]
[SourceDate "2021.09.30"]
[SourceVersion "1"]
[SourceVersionDate "2021.09.30"]
[SourceQuality "1"]

1. d4 Nf6 2. c4 e6 3. Nf3 d5 4. Nc3 dxc4 5. Qa4+ c6 6. Qxc4 b5 7. Qd3 Bb7 8. e4 a6 9. Bg5 h6 10. Bxf6 Qxf6 11. e5 Qd8 12. Ne4 Nd7 13. Rc1 Qa5+ 14. Qd2 Bb4 15. Nc3 c5 16. a3 Bxc3 17. Rxc3 Bxf3 18. gxf3 0-0 19. Rg1 Kh8 20. dxc5 Nxe5 21. Re3 Qc7 22. Qc3 f6 23. Be2 Rad8 24. h4 Nc6 25. Rxe6 Nd4 26. Re4 Qd7 27. Qd3 Rfe8 28. Rgg4 Rxe4 29. Rxe4 Qd5 30. b4 f5 31. Re3 Qa2 32. Kf1 Kh7 33. c6 Qf7 34. Re5 Qh5 35. Rc5 Qxh4 36. Ke1 Qh1+ 37. Kd2 Nb3+ 38. Kc2 Rxd3 39. c7 Qc1+ 40. Kxd3 Qd2# 0-1

[Event "Junior Speed Final"]
[Site "Chess.com INT"]
[Date "2021.07.06"]
[Round "1.11"]
[White "Tabatabaei, Mohammad Amin"]
[Black "Smirnov, Anton"]
[Result "1-0"]
[WhiteElo "2613"]
[BlackElo "2600"]
[PlyCount "201"]
[EventDate "2021.07.01"]
[EventType "k.o. (blitz)"]
[EventRounds "4"]
[EventCountry "USA"]
[SourceTitle "CBM 203 Extra"]
[Source "ChessBase"]
[SourceDate "2021.09.30"]
[SourceVersion "1"]
[SourceVersionDate "2021.09.30"]
[SourceQuality "1"]

1. d4 d5 2. c4 c6 3. Nf3 Nf6 4. Nc3 e6 5. e3 Nbd7 6. Qc2 Bd6 7. b3 0-0 8. Be2 b6 9. Bb2 Bb7 10. 0-0 Qe7 11. a4 a6 12. Bd3 Rad8 13. a5 b5 14. c5 Bc7 15. e4 b4 16. exd5 bxc3 17. d6 Bxd6 18. cxd6 Qxd6 19. Bxc3 c5 20. dxc5 Qxc5 21. Bd4 Qh5 22. Be2 Rc8 23. Qb2 Qg6 24. Rfc1 Nd5 25. Qd2 h6 26. h3 Qe4 27. Bd3 Qf4 28. Qxf4 Nxf4 29. Bf1 Nd5 30. Nd2 Rfd8 31. Nc4 Nc5 32. Rab1 Ne4 33. Nb6 Rxc1 34. Rxc1 Nd2 35. Nxd5 Rxd5 36. Bb6 Nxf1 37. Kxf1 Rd7 38. b4 Be4 39. f3 Bd3+ 40. Kf2 Bb5 41. Rc8+ Kh7 42. Rc5 Kg6 43. g4 Rd2+ 44. Kg3 Bf1 45. h4 f5 46. h5+ Kg5 47. f4+ Kf6 48. gxf5 exf5 49. Rc6+ Kf7 50. Rc7+ Kf6 51. Bc5 Bb5 52. Rb7 Rd7 53. Rb6+ Kf7 54. Kf2 Rd2+ 55. Ke3 Rh2 56. Rb7+ Ke6 57. Rxg7 Kd5 58. Rf7 Rh3+ 59. Kf2 Rxh5 60. Kg3 Kc4 61. Rf6 Kd3 62. Rd6+ Ke4 63. Re6+ Kd5 64. Re5+ Kc4 65. Bf8 Kb3 66. Re6 Ka4 67. Re5 Bd3 68. Bd6 Bb5 69. Bc7 Bd3 70. Bd6 Rh1 71. Bc5 h5 72. Kg2 Rc1 73. Re6 Be4+ 74. Kg3 Rh1 75. Rh6 Kb5 76. Kf2 Rh2+ 77. Kg1 Rg2+ 78. Kf1 Rg8 79. Rb6+ Ka4 80. Kf2 Bd3 81. Rh6 Bb5 82. Rxh5 Bd3 83. Rh6 Bc4 84. Ke3 Rd8 85. Rf6 Rd3+ 86. Kf2 Rd5 87. Kg3 Kb3 88. Kh4 Bd3 89. Kg5 Ka4 90. Rf8 Rd7 91. Rxf5 Bxf5 92. Kxf5 Kb5 93. Ke6 Kc6 94. f5 Rd1 95. f6 Re1+ 96. Kf5 Rf1+ 97. Kg6 Rf3 98. f7 Rg3+ 99. Kh5 Rh3+ 100. Kg4 Rh8 101. f8Q 1-0

[Event "Junior Speed Final"]
[Site "Chess.com INT"]
[Date "2021.07.06"]
[Round "1.13"]
[White "Tabatabaei, Mohammad Amin"]
[Black "Smirnov, Anton"]
[Result "1-0"]
[WhiteElo "2613"]
[BlackElo "2600"]
[PlyCount "69"]
[EventDate "2021.07.01"]
[EventType "k.o. (blitz)"]
[EventRounds "4"]
[EventCountry "USA"]
[SourceTitle "CBM 203 Extra"]
[Source "ChessBase"]
[SourceDate "2021.09.30"]
[SourceVersion "1"]
[SourceVersionDate "2021.09.30"]
[SourceQuality "1"]

1. c4 e5 2. Nc3 Nc6 3. Nf3 g6 4. d4 exd4 5. Nxd4 Bg7 6. Nxc6 bxc6 7. g3 Ne7 8. Bg2 0-0 9. 0-0 Rb8 10. Qc2 d6 11. b3 c5 12. Bb2 Bb7 13. Bxb7 Rxb7 14. Ne4 Nc6 15. Bxg7 Kxg7 16. Rad1 Qe7 17. e3 Ne5 18. Nd2 Rbb8 19. h3 Rbe8 20. Kg2 Qd8 21. Qc3 f6 22. Rfe1 Qa8+ 23. e4 Nc6 24. h4 Nd4 25. f3 Kg8 26. b4 f5 27. bxc5 dxc5 28. exf5 Rxf5 29. Re3 Ref8 30. Rf1 Qc6 31. Nb3 Ne6 32. Qe1 Nd4 33. Qc3 Ne6 34. Qd3 Rd8 35. Rxe6 1-0

[Event "Junior Speed Final"]
[Site "Chess.com INT"]
[Date "2021.07.06"]
[Round "1.17"]
[White "Tabatabaei, Mohammad Amin"]
[Black "Smirnov, Anton"]
[Result "0-1"]
[WhiteElo "2613"]
[BlackElo "2600"]
[PlyCount "86"]
[EventDate "2021.07.01"]
[EventType "k.o. (blitz)"]
[EventRounds "4"]
[EventCountry "USA"]
[SourceTitle "CBM 203 Extra"]
[Source "ChessBase"]
[SourceDate "2021.09.30"]
[SourceVersion "1"]
[SourceVersionDate "2021.09.30"]
[SourceQuality "1"]

1. c4 e5 2. Nc3 Nc6 3. Nf3 Nf6 4. e3 Bb4 5. Qc2 0-0 6. Nd5 Be7 7. a3 d6 8. Be2 Be6 9. Ng5 g6 10. Nxe6 fxe6 11. Nxe7+ Qxe7 12. b4 Qf7 13. 0-0 Ne7 14. Bb2 Qg7 15. f4 exf4 16. exf4 Rae8 17. Bf3 Nc6 18. b5 Nd8 19. Rae1 Qf7 20. a4 b6 21. g4 h6 22. Qc3 Kh7 23. Kg2 Re7 24. h4 h5 25. g5 Ne8 26. Be4 Ng7 27. Kh3 Qe8 28. a5 e5 29. fxe5 Rxf1 30. Rxf1 Rxe5 31. d3 Qd7+ 32. Kh2 Qg4 33. Qe1 Re8 34. Qg3 Qxg3+ 35. Kxg3 Nge6 36. Rf6 Rg8 37. Bd5 Re8 38. Be4 Rg8 39. d4 bxa5 40. Bc3 a4 41. Bd5 Re8 42. Rf2 Ng7 43. Kf4 Nde6+ 0-1

[Event "Junior Speed Final"]
[Site "Chess.com INT"]
[Date "2021.07.06"]
[Round "1.26"]
[White "Tabatabaei, Mohammad Amin"]
[Black "Smirnov, Anton"]
[Result "1/2-1/2"]
[WhiteElo "2613"]
[BlackElo "2600"]
[PlyCount "102"]
[EventDate "2021.07.01"]
[EventType "k.o. (blitz)"]
[EventRounds "4"]
[EventCountry "USA"]
[SourceTitle "CBM 203 Extra"]
[Source "ChessBase"]
[SourceDate "2021.09.30"]
[SourceVersion "1"]
[SourceVersionDate "2021.09.30"]
[SourceQuality "1"]

1. d4 d5 2. c4 c6 3. Nf3 Nf6 4. Nc3 e6 5. e3 Nbd7 6. Qc2 Bd6 7. b3 0-0 8. Be2 b6 9. 0-0 Bb7 10. Bb2 Qe7 11. a4 a6 12. a5 b5 13. c5 Bc7 14. b4 e5 15. dxe5 Nxe5 16. Nxe5 Bxe5 17. Bd3 Rae8 18. g3 Bc8 19. Ne2 Ng4 20. Bxh7+ Kh8 21. Bxe5 Nxe5 22. Bf5 Bxf5 23. Qxf5 g6 24. Qc2 Qd7 25. Kg2 Kg7 26. h4 Qg4 27. Nd4 Rh8 28. Rh1 f6 29. Rae1 Qe4+ 30. Qxe4 dxe4 31. Rd1 f5 32. Ne2 Rd8 33. Rxd8 Rxd8 34. Nd4 Rh8 35. h5 Re8 36. hxg6 Kxg6 37. Rh4 Rf8 38. Ne6 Rg8 39. Nf4+ Kf7 40. Rh5 Kf6 41. Rh6+ Kf7 42. Kf1 Rd8 43. Rh7+ Kf6 44. Rc7 Rd1+ 45. Kg2 Rb1 46. Ra7 Nf3 47. Rxa6 Rg1+ 48. Kh3 Rh1+ 49. Kg2 Rg1+ 50. Kh3 Rh1+ 51. Kg2 Rg1+ 1/2-1/2

[Event "Junior Speed Final"]
[Site "Chess.com INT"]
[Date "2021.07.06"]
[Round "1.28"]
[White "Tabatabaei, Mohammad Amin"]
[Black "Smirnov, Anton"]
[Result "1/2-1/2"]
[WhiteElo "2613"]
[BlackElo "2600"]
[PlyCount "207"]
[EventDate "2021.07.01"]
[EventType "k.o. (blitz)"]
[EventRounds "4"]
[EventCountry "USA"]
[SourceTitle "CBM 203 Extra"]
[Source "ChessBase"]
[SourceDate "2021.09.30"]
[SourceVersion "1"]
[SourceVersionDate "2021.09.30"]
[SourceQuality "1"]

1. d4 d5 2. Nf3 Nf6 3. Bf4 c5 4. e3 Nc6 5. c3 Bg4 6. Qb3 Qc8 7. Ne5 c4 8. Qa4 Bd7 9. Nxd7 Qxd7 10. b3 cxb3 11. axb3 e6 12. Nd2 Be7 13. b4 Nh5 14. Bg3 Nxg3 15. hxg3 0-0 16. Bd3 g6 17. f4 Rfc8 18. Kf2 Bf8 19. g4 Qd8 20. g5 Ne7 21. Rac1 a5 22. b5 b6 23. Nf3 Rc7 24. Ne5 Rac8 25. Qb3 Bg7 26. Nf3 Qd6 27. Ke2 Ra7 28. Ra1 Rac7 29. Rac1 Nf5 30. Bxf5 exf5 31. Ne5 Bxe5 32. dxe5 Qe6 33. Rh6 Rc4 34. Qa3 Kg7 35. Rch1 Rh8 36. Kd3 Rc5 37. Qb2 Qd7 38. g3 Qxb5+ 39. Qxb5 Rxb5 40. Kd4 Rc5 41. Rb1 Rc4+ 42. Kxd5 Rxc3 43. Kd4 Rc6 44. Kd5 Rc3 45. Kd4 Rc6 46. Kd5 Rhc8 47. Rbh1 Rc5+ 48. Kd6 Rd8+ 49. Ke7 Rh8 50. Rb1 b5 51. Rd1 Rc7+ 52. Kd6 Rd8+ 53. Kxc7 Rxd1 54. Kb6 a4 55. Kxb5 a3 56. Rh2 Rd3 57. Kc4 Rxe3 58. Rg2 Kf8 59. Rg1 a2 60. Kd4 Ra3 61. Ra1 Ke7 62. Kd5 Kd7 63. Kc5 Ke6 64. Kd4 Kd7 65. Kc5 Ra8 66. Kb6 Ke6 67. Kc5 Ra4 68. Kb5 Ra3 69. Kc5 Rxg3 70. Rxa2 Re3 71. Ra6+ Ke7 72. Ra7+ Kf8 73. Ra4 Kg7 74. Kd5 h5 75. gxh6+ Kxh6 76. Ra7 Kg7 77. Ra4 Kf8 78. Ra8+ Kg7 79. Ra4 Re1 80. Rb4 Rd1+ 81. Kc5 Kf8 82. Rb8+ Kg7 83. Rb4 g5 84. fxg5 Kg6 85. Rb6+ Kxg5 86. Rf6 Rd7 87. Kc6 Ra7 88. Kd5 Kg4 89. Kd4 f4 90. Ke4 Ra4+ 91. Kd3 Ra5 92. Ke4 Ra4+ 93. Kd3 Ra3+ 94. Ke4 f3 95. Rxf7 Ra4+ 96. Kd5 Rf4 97. Rxf4+ Kxf4 98. e6 f2 99. e7 f1Q 100. e8Q Qf3+ 101. Kd6 Kg3 102. Qe5+ Qf4 103. Ke6 Qxe5+ 104. Kxe5 1/2-1/2